[Event "USA-ch"]
[Site "Saint Louis"]
[Date "2017.04.08"]
[Round "10"]
[White "Caruana, Fabiano"]
[Black "Shabalov, Alexander"]
[Result "1-0"]
[WhiteElo "2817"]
[BlackElo "2556"]
[Annotator "Quintiliano,R"]
[PlyCount "65"]
[EventDate "2017.03.29"]
[EventType "tourn"]
[EventRounds "11"]
[EventCountry "USA"]
[EventCategory "18"]
[SourceTitle "CBM 178"]
[Source "ChessBase"]
[SourceDate "2017.05.14"]
[SourceVersion "1"]
[SourceVersionDate "2017.05.14"]
[SourceQuality "1"]

1. e4 c5 2. Nf3 d6 3. d4 cxd4 4. Nxd4 Nf6 5. Nc3 g6 {I have played the
Sicilian Dragon my entire life, and It was interesting to imagine how Shabalov,
a very aggressive player and one of the especialists in this variation, would
play this line against such a strong and well prepared opponent as Caruana.} 6.
Be3 a6 {And there is, the Dragondorf, a hybrid of the Dragon and the Najdorf
variations, as the name suggests. With this move Black deviates from the most
studied and theoretical paths of the Sicilian Dragon, having possibilities to
play a quick ...b5 and start concrete operations on the queenside. This
variation is rarely seen among grandmasters.} 7. f3 b5 (7... Bg7 {allows
another setup for White} 8. Bc4 b5 9. Bb3 Bb7 10. Qd2 Nbd7 11. O-O-O {and now
Black tries a different plan to seek counter-chances} Nc5 (11... Rc8 12. Kb1
Ne5 13. Bh6 Bxh6 14. Qxh6 Rxc3 $6 15. bxc3 Qc7 {[%csl Ge8,Gh8] in general this
exchange sacrifice would give good compensation for Black, but here the rook
cannot enter into the action, so this compensation is not enough} 16. Kb2 Qc5
17. Rhe1 $16 {[%cal Yf3f4];Korneev,O (2611)-Williams,S (2466) Gausdal GM-A
2005 (5) 1-0}) 12. Bh6 Bxh6 13. Qxh6 e5 14. Nde2 Nxb3+ 15. axb3 b4 16. Na4 Qc7
{but even here after} 17. Rd2 {[%csl Gd6][%cal Yh1d1] White is clearly better,
for example} (17. Qg7 $6 Ke7) 17... d5 18. Qg5 $5 Qe7 19. exd5 Nxd5 20. Qxe7+
Kxe7 21. Nc5 Bc6 22. Re1 Kf8 $2 23. Nd7+ $1 {Timman,J (2565)-Shanava,K (2519)
Baku President's Cup 3rd 2008 (7) 1-0}) 8. Qd2 Bb7 9. g4 $1 {This looks like
the most unpleasant line for Black. It is the third move in the database, but
is Giri's and Caruana's choice, for example, and also the move which gave the
better results for White.} h6 10. O-O-O Nbd7 11. h4 {This move invites Black
to play aggressively on the queenside.} ({Giri prefered the preventive} 11. a3
Rc8 12. h4 Qa5 13. Nb3 Qc7 14. Qf2 $1 {and after} e6 $6 15. Kb1 Qb8 16. Bh3 $16
{[%cal Gg4g5];Giri,A (2776)-Ivanisevic,I (2643) Qatar Masters op 2014 (3) 1-0
Black has an extremely unpleasant position -}) 11... Rc8 $6 {This seems slow
to me.} (11... b4 {looks to be the better try} 12. Nce2 e5 13. Nb3 a5 {these
advances are thematic in this variation, trying to play by advancing in
queenside or with a well timed d5} 14. Kb1 (14. Rh3 $5 {[%cal Yg4g5]}) 14... d5
{now White can play} 15. Bh3 $5 $146 {[%cal Yg4g5] which looks complicated for
both} a4 (15... dxe4 $2 16. g5 exf3 (16... hxg5 17. hxg5 {[%csl Gd7,Gf6,Gh8]
[%cal Yh3d7]}) 17. gxf6 Nxf6 18. Qe1 $1 Qc7 19. Ned4 $1 $18) 16. Nbc1 dxe4 17.
g5 $1 exf3 (17... hxg5 18. hxg5 Rxh3 $2 19. Rxh3 Nh5 20. f4 $16) 18. gxf6 Nxf6
19. Qe1 $1 Qc7 20. Ng3 $13 {with a very complicated battle.}) 12. Bd3 {After
this natural move, Black already has an unpleasant position, because White is
totally developed and ready to play g5, while Black doesn't have counterplay
on the queenside.} b4 {Trying the same thematic idea, but now White's position
is much improved in comparison with the other variations.} (12... Ne5 {could
had offered better chances} 13. Kb1 $1 {after this preventive move, White is
totally ready to start active play on the kingside} (13. g5 b4 $1 14. Nce2 hxg5
15. hxg5 Rxh1 16. Rxh1 Nxd3+ 17. Qxd3 Nd7 $132) 13... Nfd7 14. h5 {like in the
game is also interesting} (14. g5 hxg5 15. hxg5 Rxh1 16. Rxh1 {with an
pleasant position also}) 14... g5 15. Be2 {[%cal Gd4f5]} e6 16. Nb3 Qc7 17. a3
{[%cal Gf3f4] Black has a solid position for now, but sooner or latter White
can play f4, opening the kingside and pressing against the h6-pawn. The
computer's evaluation is not so advisable in such positions, because it always
defends perfectly, but in practice it is very difficult to play such positions,
especially for aggressive and dynamic players.}) 13. Nce2 e5 $2 {This will
leave Black with a already losing position.} (13... d5 $142 14. exd5 Nxd5 15.
h5 $1 g5 {in this position White has like 2 or 3 good options, this is why
such positions are difficult to play, Black has to be always finding the only
moves to keep playing} 16. Nf5 (16. Bf5) 16... Nxe3 17. Qxe3 e6 18. Be4 $36)
14. Nb3 d5 15. exd5 Nxd5 (15... Bxd5 16. Rhf1 (16. g5 hxg5 17. hxg5 Rxh1 18.
Rxh1 Nh5 {here the computer gives the forced strike} 19. Bxg6 $1 Bxb3 20. Be4 {
[%csl Gb3,Gh5]}) 16... a5 17. g5 hxg5 18. hxg5 a4 19. Na1 Nh5 20. Bxg6 $1 $16)
16. h5 $1 {Almost always, White tries to break Black's position in the Dragon
opening in the h-file, but here the weakness of the f5-square is much more
important.} g5 (16... Nxe3 17. Qxe3 Qg5 {it was Black's last chance to
complicate matters} 18. f4 $1 Qxg4 19. hxg6 $1 Bxh1 20. Rxh1 {[%cal Yh1g1,
Yg6g7]} fxg6 21. Rg1 Qe6 22. Ned4 $1 Qe7 23. Bxg6+ Kd8 24. fxe5 Qxe5 25. Qd2 {
[%csl Rd8] Black's defence is just very difficult here, White has too many
threats} h5 {[%cal Gf8h6]} 26. Kb1 $1 Bh6 27. Qd1 Rf8 28. Bxh5 $18 {[%cal
Yh5g4,Yd4e6,Gg1e1]}) 17. Ng3 $18 {[%csl Gf5] It's a curious thing that in this
position White is already winning by +2, even without being a single pawn up.
This happens because Black's position is very committed, the king cannot leave
the centre easily and White just has to finish the development in the centre
and launch an attack, which will be deadly.} Qc7 18. Rhe1 Be7 (18... Rd8 19.
Nf5 Be7 20. Kb1 Kf8 21. Nxe7 Kxe7 (21... Nxe7 22. Qxb4) 22. f4 $1 $18) 19. Nf5
N7f6 20. Bf2 $1 {The sad thing about such positions is that after almost any
move White retains a big advantage, so it is a matter of time until something
horrible happen to Black.} Kf8 21. Nxe7 Nxe7 22. Bg3 Nd7 23. Nd4 $1 Qa5 (23...
Qb6 24. Bf5 $1 exd4 25. Bxd7 Rd8 26. Qxd4 Qxd4 27. Rxd4 Bc6 28. Be5 $1) 24. Kb1
{And the good thing about such positions is that if you are on the winning
side, you don't have to worry about playing like a machine, and can just win
without giving chances to your opponent.} (24. Bf5 Qxa2 (24... Nxf5 25. Nxf5
Qxa2 26. Qxb4+ Kg8 27. Rxd7 $18) 25. Qxb4 Rc4 26. Qxb7 Qa1+ 27. Kd2 Rxd4+ 28.
Ke2 $18 {[%csl Rd7]}) 24... Qb6 (24... exd4 25. Bd6 {[%csl Ge7]} Re8 26. Bf5
Qb6 27. Qh2 $18) (24... Bd5 25. Nb3 Qb6 26. Bxe5 Nxe5 27. Rxe5 Bxf3 28. Rf1
Bxg4 29. Nc5 $1 Rxc5 30. Qf2 $18 {[%csl Rc5,Rf7]}) 25. Bf5 Rc4 (25... exd4 26.
Bxd7 Rd8 27. Qxd4 Qxd4 28. Rxd4 Bc6 29. Be5 $1 $18) 26. Ne6+ $1 {Not so
difficult, but beautiful. Now White breaks inside all Black's defences.} fxe6
27. Qxd7 exf5 28. Bxe5 Rh7 29. Bd6 Bc8 30. Bxe7+ Kf7 31. Qd3 Rc3 (31... Rf4 32.
Bd6 {[%cal Yd3b3,Ge1e7]}) 32. Qd8 Qxd8 33. Rxd8 1-0

[Event "USA-ch"]
[Site "Saint Louis"]
[Date "2017.04.09"]
[Round "11"]
[White "Robson, Ray"]
[Black "Caruana, Fabiano"]
[Result "0-1"]
[WhiteElo "2668"]
[BlackElo "2817"]
[Annotator "Yermolinsky,A"]
[PlyCount "80"]
[EventDate "2017.03.29"]
[EventType "tourn"]
[EventRounds "11"]
[EventCountry "USA"]
[EventCategory "18"]
[SourceTitle "CBM 178"]
[Source "ChessBase"]
[SourceDate "2017.05.14"]
[SourceVersion "1"]
[SourceVersionDate "2017.05.14"]
[SourceQuality "1"]

1. e4 e6 2. d4 d5 3. Nc3 Nf6 4. e5 Nfd7 5. Nce2 c5 6. c3 Nc6 7. Nf3 Qa5 8. a3
cxd4 9. b4 Qc7 10. cxd4 b5 {Obviously Black is preparing his counter-attack
with a7-a5.} 11. Nf4 $6 {And White ignores it.} ({The right way to play this
position was already shown by Morozevich:} 11. Bd2 Qb6 (11... Nb6 12. Nf4) 12.
Rb1 $1 {Prophylaxis! I wonder if Fabiano would have found it necessary to go
on anyway:} a5 $5 13. bxa5 Rxa5 14. Bxa5 Qxa5+ 15. Qd2 Qxa3 {is an interesting
sacrifice.}) 11... Qb6 12. Rb1 a5 13. bxa5 Rxa5 14. Bd3 Ba6 15. O-O Bxa3 16.
Be3 $2 {Ray was right to let go of the a-pawn, but his last move marks the
beginning of a slow, plodding plan that fails to put any pressure on Fabiano's
position.} (16. Ng5 $1 {is a standard probing move. Only after} g6 {White will
play} (16... Nxd4 $6 17. Be3 Bc5 18. Qh5 Nxe5 19. Ngxe6 {Ray Robson knows how
to handle such positions.}) (16... Qxd4 $2 17. Nfxe6 {simply wins for White})
17. Be3 {and then} Be7 18. Nxf7 $1 Kxf7 19. Qf3 {becomes a distinct
possibility.}) 16... Be7 $1 {No more Ng5.} 17. Qd2 $2 ({For better or worse} 
17. h4 O-O 18. Ng5 {even though after} Bxg5 19. hxg5 b4 {I cannot make White's
attack work:} 20. Bxh7+ ({or} 20. Nxe6 fxe6 21. Bxh7+ Kf7 22. Qh5+ Ke7 23. Rfd1
) 20... Kxh7 21. Nxe6 Kg8 22. Nxf8 Nxf8 {comes up short.}) 17... g6 18. Rfc1 b4
19. h4 Ra3 20. Bxa6 Qxa6 21. Nh3 Na5 {Black is away ahead already, and Ray's
gallant attempts in his own time trouble were ruthlessly brushed aside by
Fabiano's impeccable calculation.} 22. Bg5 Nb3 23. Rxb3 Rxb3 24. Qe2 Qa8 25.
Qb5 Rc3 $1 26. Rxc3 bxc3 27. Bxe7 Qa1+ 28. Kh2 Kxe7 29. Qb4+ Kd8 30. Nfg5 Rf8
31. Nxh7 c2 32. Nxf8 c1=Q 33. Nxd7 Kxd7 34. Qd6+ Kc8 35. Qf8+ Kb7 36. Qxf7+ Qc7
37. Qxg6 Qxd4 38. f4 Qe4 39. Qxe6 Qg7 40. g4 Qc7 0-1

[Event "Grenke Chess Classic 4th"]
[Site "Karlsruhe/Baden-Baden"]
[Date "2017.04.16"]
[Round "2"]
[White "Naiditsch, Arkadij"]
[Black "Caruana, Fabiano"]
[Result "0-1"]
[WhiteElo "2702"]
[BlackElo "2817"]
[Annotator "Prasanna,V"]
[PlyCount "80"]
[EventDate "2017.04.15"]
[EventType "tourn"]
[EventRounds "7"]
[EventCountry "GER"]
[EventCategory "20"]
[SourceTitle "CBM 178"]
[Source "ChessBase"]
[SourceDate "2017.05.14"]
[SourceVersion "1"]
[SourceVersionDate "2017.05.14"]
[SourceQuality "1"]

1. e4 e5 2. Bc4 Nf6 3. d3 Nc6 4. Nc3 {White just hopes for a fresh position
apart from the usual Ruy Lopez Berlin.} Na5 5. Nge2 Bc5 6. O-O O-O 7. Ng3 {
We have a relatively fresh position in just 7 moves and there are barely any
games here.} h6 (7... Nxc4 8. dxc4 d6 9. Bg5 h6 10. Bxf6 Qxf6 11. Nd5 Qd8 12.
b4 Bb6 13. a4 c6 14. Nxb6 axb6 15. Qd3 {is =. Caruana's choice promises a long
game.}) 8. h3 d6 9. Bb3 c6 10. Na4 Nxb3 11. axb3 Bb4 12. Bd2 (12. d4 $5 {
opening the position when the opponent has 2 bishops is counter intuitive, but
is White's best choice.} Be6 (12... exd4 13. Qxd4) 13. c3 Ba5 14. dxe5 dxe5 15.
Nc5 Bc8 16. b4 Bb6 17. Be3 Qe7 $14 {White's position is slightly more pleasant
although as always in 1...e5 Black is solid.}) 12... Bxd2 13. Qxd2 d5 14. Qb4 (
14. exd5 $5 {was 'less creative' but quite good objectively.} Nxd5 15. Nc3 f6 (
15... f5 16. Nxd5 cxd5 17. f4 e4 18. dxe4 dxe4 19. Rfd1 Be6) (15... Nxc3) 16.
Nxd5 Qxd5 $11) 14... b6 15. Nc3 c5 16. Qa3 {I am not sure White's idea is
objectively correct as his queen is misplaced and he ends up re-routing it
anyway.} d4 17. Nce2 a5 18. f4 Be6 19. Rae1 exf4 20. Nxf4 Nd7 21. Qa1 Qg5 22.
Kh2 Ne5 {Black is slightly better. White's queen is very poorly placed. A
manoeuvering phase begins now.} 23. Qd1 Rae8 24. Nge2 Ng6 25. Qc1 Qe5 26. Kg1
Nh4 27. g3 Ng6 28. Kg2 Qd6 29. Kh2 Ne5 30. Kg2 {White is unable to find
anything constructive to do. Now Black is ready for a strong strike.} f5 31.
Nxe6 Rxe6 (31... Qxe6 32. Nf4 Qc6 33. Nd5 Rf7 $15) 32. exf5 Qd5+ 33. Kg1 (33.
Kh2 $8 {was forced.} Ref6 34. g4 Nf3+ 35. Rxf3 Qxf3 36. Qf4 Qc6 37. Ng3 {
White has some compensation here and is not as passive anymore so he should be
happy.} Re6 38. Ne4 $44) 33... Ref6 34. Nf4 Nf3+ 35. Kf2 Qxf5 $1 {Not sure if
this is the move White missed. He is dead lost now.} 36. Kxf3 Qxh3 37. Re4 g5
38. Ke2 Qxg3 39. Rf3 Qg4 40. Qh1 Rxf4 0-1

[Event "Grenke Chess Classic 4th"]
[Site "Karlsruhe/Baden-Baden"]
[Date "2017.04.22"]
[Round "7"]
[White "Caruana, Fabiano"]
[Black "Aronian, Levon"]
[Result "1/2-1/2"]
[WhiteElo "2817"]
[BlackElo "2774"]
[Annotator "Moradiabadi,E"]
[PlyCount "121"]
[EventDate "2017.04.15"]
[EventType "tourn"]
[EventRounds "7"]
[EventCountry "GER"]
[EventCategory "20"]
[SourceTitle "CBM 178"]
[Source "ChessBase"]
[SourceDate "2017.05.14"]
[SourceVersion "1"]
[SourceVersionDate "2017.05.14"]
[SourceQuality "1"]

1. e4 e5 2. Nf3 Nc6 3. Bc4 {Not surprised at all! It is no fun playing against
the Berlin!} Bc5 4. d3 Nf6 5. O-O O-O 6. a4 $5 {A line that is becoming
fashionable thanks to Anand. In general Aronian plays actively against the
Italian, setting up immediate castling, and preparing d5. Had he gone for a6,
planning ...Ba7, instead of a5, he would have ended up in one of those 'timid'
positions, though the line is losing popularity in light of recent theoretical
developments.} a5 (6... a6 {leads to the main lines but Aronian is not
interested in a mainline theoretical battle today!} 7. c3 d6 8. Nbd2 (8. h3 h6
9. Re1 Ba7 10. Na3 (10. Nbd2)) (8. Bg5 h6 9. Bh4 g5 10. Bg3 {with complicated
play.}) 8... Ba7 9. Re1 Ng4 10. Re2 Kh8 11. h3 Nh6 (11... f5 $5) 12. Nf1) 7.
Bg5 $146 {A novelty according to the Online Database!} h6 8. Bh4 Be7 $1 {
I like this manoeuvre! Black loses a tempo but unpins his knight and plans to
exchange his then soon to be bad bishop!} 9. Bg3 d6 10. h3 {...Nh5 was a
threat.} Nd7 11. Nc3 Nb6 12. Bb3 Kh8 $5 {Aronian opts for ...f5. This setup is
risky. I am sure he would not have played like this if he hadn't already won
the tournament.} 13. d4 {A natural reaction.} Nxd4 14. Nxd4 exd4 15. Qxd4 Bf6
16. e5 $1 {The best reaction!} (16. Qe3 Be6 17. Bxe6 fxe6 18. b3 (18. e5 $2 {
runs into} Nc4) 18... Nd7 {should be ok for Black.}) 16... dxe5 (16... Bxe5 $2
17. Bxe5 dxe5 18. Qxe5 {is extremely dangerous. White is way ahead in
development and Black's pieces are awkwardly placed!}) 17. Qxd8 Rxd8 18. Rfe1 (
18. Bxf7 Bf5 19. Bb3 c5 {is not advantageous for White at all!}) 18... Be6 19.
Bxe6 fxe6 20. Ne4 (20. Bxe5 Bxe5 21. Rxe5 Rd2 22. Rc1 Nc4 23. Rc5 Nxb2 24. Rxc7
Rb8 25. Ne4 Rd4 26. Ng3 (26. Nc5 Rc4 27. Rxb7 Rxb7 28. Nxb7 Rxa4 29. Kf1 Kg8 {
and this endgame should be a draw.}) 26... Nxa4 27. Re1 Nb6 28. Rxe6 Nd5 29.
Rd7 Rd1+ 30. Kh2 Ne3 31. Rf7 Nf1+ 32. Nxf1 Rxf1 33. Ree7 a4 $1 34. Rxg7 a3 {
and White does not have more than a perpetual.}) 20... Kg8 21. Nc5 Rd5 {
Ok, draw?} 22. Nxe6 $2 {Isn't this knight going to feel uncomfortable?} Rc8 23.
b3 $4 {And trapped?} c5 $1 {Black wants to win the knight with either ...Kf7, .
..Rd6 or ...Rc6!} 24. c4 Rd6 25. Nxg7 {The best practical chance!} Kxg7 26.
Bxe5 Rd3 27. Bxf6+ Kxf6 {Black is a piece up! In an endgame!} 28. Re4 $1 {
Fabiano does not defend the pawn on b3. He realises that his only chance is to
create some play and pray for a blunder from Levon's side.} Rc7 29. Rae1 Rxb3
30. Rf4+ Kg7 31. Re6 Nxa4 {Suddenly, the two extra pawns are gone! The problem
now is that the rook and knight are a bit distant from the king.} 32. Rg4+ Kf8
(32... Kh7 {would have been my choice probably. White needs to spend some
tempi winning the h6-pawn.} 33. Rgg6 Nc3 34. Rxh6+ Kg8 35. Reg6+ Rg7 36. Rd6
Re7 (36... a4 $4 37. Rd8+ Kf7 38. Rd7+ Kg8 39. Rd8+ $11) 37. Rd8+ Kg7 38. Rhh8
a4 39. h4 a3 40. h5 a2 41. h6+ Kf6 {This is winning but it is impossible to
check every possible line to this point. I just love it when the rooks control
a rank in vain, and for that reason alone I would have opted for this line!})
33. Rxh6 Rf7 (33... Rg7 34. Rh8+ Kf7 35. Rf4+ Ke7 36. h4 Nc3 37. Kh2 a4 38. h5
a3 39. h6 Rg6 $19) 34. Rh8+ Ke7 35. h4 Nc3 36. h5 a4 37. h6 a3 38. h7 a2 39.
Re8+ Kxe8 40. h8=Q+ Kd7 41. Kh2 a1=Q 42. Rg8 {Aronian might have given up too
much counterplay but Black is winning anyway!} Qa5 $4 {After 50 minutes of
thinking Aronian plays this unfortunate move to let go of the win! It was not
easy to see the win especially when it involves giving up your queen!} (42...
Qe1 $1 43. Qh3+ Qe6 44. Rd8+ Kxd8 45. Qxe6 Rh7+ 46. Kg3 Nd5+ 47. f3 Rg7+ 48.
Kh4 Ne7 {and Komodo claims a win on depth 40!} 49. Kh3 (49. Qd6+ Ke8 50. Qxc5
Rxg2) 49... Rg6 50. Qe5 Rh6+ 51. Kg3 b6 {and material advantage is enough to
win!}) 43. Qh3+ $1 {Now it is Black who needs to play accurately to ensure the
draw!} Kc7 44. Qg3+ Kd7 45. Qd3+ Ke7 46. Qe3+ Kd6 47. Rg6+ Kc7 48. Qe5+ Kc8 49.
Rg8+ Qd8 50. Qxc5+ Rc7 51. Rxd8+ Kxd8 52. Qf8+ Kd7 53. g4 {This is very
different from what we saw in the analysis of move 42.} Rb2 54. Qf3 Ke8 $1 {
Well played by Aronian, and ensures the draw.} 55. Qxc3 Rxf2+ 56. Kg3 Rff7 {
This position is a fortress!} 57. g5 Rg7 58. Kg4 Kf8 59. Qf6+ Kg8 60. g6 Rxg6+
61. Qxg6+ {An exciting draw!} (61. Qxg6+ Rg7 62. Kg5 Rxg6+ 63. Kxg6 Kf8 64. Kf6
Ke8 65. Ke6 Kd8 66. Kd6 Kc8 $11) 1/2-1/2

[Event "chess.com Speed 1m+1spm 2017"]
[Site "Chess.com INT"]
[Date "2017.08.24"]
[Round "1.22"]
[White "Hou, Yifan"]
[Black "Caruana, Fabiano"]
[Result "0-1"]
[WhiteElo "2652"]
[BlackElo "2802"]
[PlyCount "40"]
[EventDate "2017.05.03"]
[EventType "k.o. (blitz)"]
[EventRounds "4"]
[EventCountry "USA"]
[SourceTitle "EXT 2018"]
[Source "ChessBase"]
[SourceDate "2017.10.13"]
[SourceVersion "1"]
[SourceVersionDate "2017.10.13"]
[SourceQuality "1"]

1. Nf3 d5 2. g3 g6 3. Bg2 Bg7 4. O-O e5 5. c4 c6 6. cxd5 cxd5 7. d4 e4 8. Ne1
Nc6 9. Nc2 h5 10. f3 h4 11. fxe4 dxe4 12. Be3 hxg3 13. hxg3 Nf6 14. Nc3 Ng4 15.
d5 Nxe3 16. Nxe3 Bd4 17. Qd2 Qg5 18. Ncd1 Qxg3 19. dxc6 Be5 20. Rf2 Rh1+ 0-1

[Event "chess.com Speed 3m+2spm 2017"]
[Site "Chess.com INT"]
[Date "2017.11.02"]
[Round "2.13"]
[White "Caruana, Fabiano"]
[Black "Nakamura, Hikaru"]
[Result "1-0"]
[WhiteElo "2802"]
[BlackElo "2786"]
[PlyCount "73"]
[EventDate "2017.05.03"]
[EventType "k.o. (blitz)"]
[EventRounds "4"]
[EventCountry "USA"]
[SourceTitle "EXT 2019"]
[Source "ChessBase"]
[SourceDate "2018.10.10"]
[SourceVersion "1"]
[SourceVersionDate "2018.10.10"]
[SourceQuality "1"]

1. e4 e5 2. Nf3 Nc6 3. Bb5 Nf6 4. d3 Bc5 5. Bxc6 dxc6 6. h3 O-O 7. Nc3 Re8 8.
Be3 Bf8 9. a4 a5 10. O-O b6 11. Nd2 Be6 12. Ne2 Nh5 13. g4 Nf6 14. Ng3 Nd7 15.
Kh2 g6 16. Rg1 Be7 17. Nf5 Bg5 18. Nf3 Bxe3 19. fxe3 Kh8 20. Qe1 c5 21. b3 gxf5
22. gxf5 Bxf5 23. exf5 e4 24. Ng5 Ne5 25. Kh1 f6 26. Ne6 Qd5 27. Nxc7 Qc6 28.
Nxe8 exd3+ 29. Rg2 Rxe8 30. Qg3 Qb7 31. cxd3 Nxd3 32. Rag1 Ne5 33. Qg7+ Qxg7
34. Rxg7 c4 35. bxc4 Nxc4 36. Rf7 Nxe3 37. Rxf6 1-0